书目信息 |
| 题名: |
按“十三辙”分类歌唱咬字练声曲30首
|
|
| 作者: | 宋承宪 编著 | |
| 分册: | ||
| 出版信息: | 上海 上海音乐出版社 2004 |
|
| 页数: | 143页 | |
| 开本: | 29cm | |
| 丛书名: | ||
| 单 册: | ||
| 中图分类: | J642.3 | |
| 科图分类: | ||
| 主题词: | 练声曲--中国--现代--选集 , 练声曲 | |
| 电子资源: | ||
| ISBN: | 7-80667-476-4 | |
| 000 | 00865nam0 2200229 450 | |
| 001 | 1237814455 | |
| 005 | 20121019103049.37 | |
| 010 | @a7-80667-476-4@dCNY26.00 | |
| 100 | @a20040524d2004 em y0chiy50 ea | |
| 101 | 0 | @achi |
| 102 | @aCN@b310000 | |
| 105 | @ag z 000yy | |
| 200 | 1 | @a按“十三辙”分类歌唱咬字练声曲30首@Aan “ shi san zhe ” fen lei ge chang yao zi lian sheng qu 30 shou@e简谱 五线谱 钢琴伴奏谱并附汉字朗读与区分练习@f宋承宪编著 |
| 210 | @a上海@c上海音乐出版社@d2004 | |
| 215 | @a143页@d29cm | |
| 330 | @a该书分为“发花类,音节表与咬字练声曲习唱要领”;“梭波类,音节表与咬字练声曲习唱要领”、“一七类,音节表与咬字练声曲习唱要领”等13大类。 | |
| 606 | 0 | @a练声曲@y中国@z现代@j选集 |
| 606 | 0 | @a练声曲 |
| 690 | @aJ642.3@v4 | |
| 701 | 0 | @a宋承宪@Asong cheng xian@f(1926~)@4编著 |
| 801 | 0 | @aCN@bNLC@c20101222 |
| 905 | @a10447@dJ642.3@eJY79 | |
| 按“十三辙”分类歌唱咬字练声曲30首:简谱 五线谱 钢琴伴奏谱并附汉字朗读与区分练习/宋承宪编著.-上海:上海音乐出版社,2004 |
| 143页;29cm |
| ISBN 7-80667-476-4:CNY26.00 |
| 该书分为“发花类,音节表与咬字练声曲习唱要领”;“梭波类,音节表与咬字练声曲习唱要领”、“一七类,音节表与咬字练声曲习唱要领”等13大类。 |
| ● |
| 相关链接 |
|
|
|
|
正题名:按"十三辙"分类歌唱咬字练声曲30首
索取号:J642.3/JY79
 
预约/预借
| 序号 | 登录号 | 条形码 | 馆藏地/架位号 | 状态 | 备注 |
| 1 | 7834285 | 278342857 | 学院路分馆/ [索取号:J642.3/JY79] | 在馆 | |
| 2 | 7834286 | 278342866 | 学院路分馆/ [索取号:J642.3/JY79] | 在馆 | |
| 3 | 7834287 | 278342875 | 学院路分馆/ [索取号:J642.3/JY79] | 在馆 | |
| 4 | 7834288 | 278342884 | 学院路分馆/ [索取号:J642.3/JY79] | 在馆 |